|
|
|
|
| LEADER |
00000cam a2200000 7i4500 |
| 001 |
0000002362 |
| 005 |
20030530.0 |
| 020 |
0 |
0 |
|a 0080249248
|
| 090 |
0 |
0 |
|a 630.72
|b VOS 1980
|
| 100 |
1 |
0 |
|a VOSE
|h Peter B.
|
| 245 |
1 |
0 |
|a Introduction to nuclear techniques in agronomy and plant biology
|c by Peter B. Vose
|
| 260 |
0 |
0 |
|a Oxford;
|a New York :
|b Pergamon Press ,
|c 1980
|
| 300 |
|
|
|a xiii, 391 p. :
|b ill. ;
|c 25 cm.
|
| 500 |
0 |
0 |
|a Includes bibliographies and index
|
| 650 |
0 |
0 |
|a Agronomy
|
| 650 |
0 |
0 |
|a Nuclear physics
|
| 650 |
0 |
0 |
|a Radioisotopes in agriculture
|
| 650 |
0 |
0 |
|a Radioisotopes in botany
|
| 998 |
|
|
|a JPSM
|
| 999 |
|
|
|a 0000004208
|b Monograph
|c Open Shelf
|e Default branch
|